| 000 | 00759nam a2200121Ia 4500 | ||
|---|---|---|---|
| 008 | 220616s9999||||xx |||||||||||||| ||und|| | ||
| 245 | 0 |
_aPolitics of Quality in Education _bA Comparative Study of Brazil, China, and Russia |
|
| 546 | _aEnglish[eng] | ||
| 650 | _arussia||political relations||qae||political space||political situation||political possibilities||brazil||quality||education||china||Instituto Nacional de Estudos e Pesquisas Educacionais AnÃsio Teixeira | ||
| 700 | _aKauko, Jaakko||Takala, Tuomas||Rinne, Risto | ||
| 856 | _uhttps://library.oapen.org/bitstream/20.500.12657/30180/1/648937.pdf||https://library.oapen.org/bitstream/20.500.12657/30180/1/648937.pdf||https://library.oapen.org/bitstream/20.500.12657/30180/1/648937.pdf | ||
| 942 | _cEB | ||
| 999 |
_c19550 _d19550 |
||